Борьба с авариями во вращательном бурении

Dades bibliogràfiques
Autor principal: Шварц Я. А.
Idioma:rus
Publicat: Баку, АзГОНТИ, 1939
Matèries:
Format: MixedMaterials Llibre
KOHA link:https://koha.lib.tpu.ru/cgi-bin/koha/opac-detail.pl?biblionumber=169371

MARC

LEADER 00000nam0a2200000 4500
001 169371
005 20231031163406.0
035 |a (RuTPU)RU\TPU\book\183726 
090 |a 169371 
100 |a 20091111d1939 m y0rusy50 ca 
101 0 |a rus 
102 |a AZ 
105 |a a z 000zy 
200 1 |a Борьба с авариями во вращательном бурении  |f  Я. А. Шварц 
210 |a Баку  |c АзГОНТИ  |d 1939 
215 |a 96 с.  |c ил. 
610 1 |a вращательное бурение 
610 1 |a бурильные трубы 
610 1 |a аварии 
610 1 |a борьба 
610 1 |a долота 
610 1 |a торпедирование 
610 1 |a обсадные трубы 
675 |a 622.233.6  |v 3 
700 1 |a Шварц  |b Я. А. 
801 1 |a RU  |b 63413507  |c 20091111 
801 2 |a RU  |b 63413507  |c 20100127  |g RCR 
942 |c BK